00918nam a2200277Ia 450000500170000000800370001702000180005404100080007208200190008010000410009924501140014025000180025430000250027249000180029765000270031565000400034265000280038270000480041094200120045826400320047033600270050233700330052933800280056204000350059099900150062520220317001848.0170410s2011 s g 000 0 s a9788415277125 aspa04a808.3872bC32c1 aChesterton, Gilbert Keithd1874-193610aCómo escribir relatos policíacoscG.K. Chesterton ; traducción del inglés de Miguel Temprano García a1a. edición a254 páginasc21 cm aEl Acantilado142LEMBaArte de escribir142LEMBaNovela policíacaxTécnica142LEMBaNovelaxTécnica1 aTemprano García, Migueletraductor978066 2ddccBK aBarcelonabAcantiladoc2011 atextobtxt2rdacontent asin mediaciónbn2rdamedia avolumenbnc2rdacarrier aCO-BoRNBPbspaerdacCO-BoRNBP c8340d8340